000 01197nam a2200289 i 4500
001 bg
003 BPK
005 20200604082015.0
008 970612s1991 pl a f f |000 0 pol
015 _aPB 1991/10862
040 _aWA N
_cBPK
080 _a628.5
080 _a621.63
080 _a(075.8)
245 0 0 _aSystemy i urządzenia ochrony powietrza :
_bćwiczenia laboratoryjne : skrypt dla studentów wyższych szkół technicznych : praca zbiorowa /
_cpod red. Michała Dyląga i Ryszarda Matejskiego ; [oprac. Janusz Krawczyk et al.] ; Politechnika Krakowska im. Tadeusza Kościuszki.
260 _aKraków :
_bPK,
_c1991.
300 _a84 s. :
_brys., wykr. ;
_c24 cm.
504 _aBibliogr. s. 83-84.
650 4 _aPowietrze
_xochrona
_xurządzenia.
655 4 _aPodręczniki akademickie
700 1 _aDyląg, Michał.
_eRed.
700 1 _aMatejski, Ryszard.
_eRed.
700 1 _aKrawczyk, Janusz
_c(inżynieria chemiczna).
710 2 _aPolitechnika Krakowska im. Tadeusza Kościuszki
_bWydawnictwo
_4pbl.
856 _uhttp://koha.tu.koszalin.pl/cgi-bin/koha/opac-detail.pl?biblionumber=5577
_yKatalog online BPK
942 _2UKD
_cKS
999 _c5577
_d5577